000 00755nam a2200205Ia 4500
003 GCL
008 140319s9999 xx 000 0 ara d
040 _aGCL /
_cGCL
082 0 4 _a692
_bا م
100 1 _aاحمد عهدى عبدالغنى
245 1 0 _aمبادىء الرسم الهندسى والتخطيطى مع التدريبات العملية.ط2 ENGINEERINY DRAWING & GRAPHICS /
_cاحمد عهدى عبدالغنى
700 1 _aمحمد صلاح الدين عباس
260 _a[S.N] :
_bدار الكتب العلمية للنشر والتوزيع ،
_c1992
300 _a289 ص
490 _a
650 0 4 _aالهندسة
650 0 4 _aالاعمال الانشائية
650 0 4 _aالرسم الهندسى
942 _2ddc
_cBK
999 _c56196
_d56196